Κατάλογος Βιβλιοθηκών Mediterranean College

Διαχείριση και Αξιολόγηση Εκπαιδευτικών Μονάδων / Ο Ρόλος του Διευθυντή - Ηγέτη στη Διαμόρφωση Συνεργατικού Κλίματος: Η Περίπτωση Ενός Ειδικού Σχολείου (Record no. 3063)

MARC details
000 -LEADER
fixed length control field 01838cam a22002054a 4500
005 - ΗΜΕΡΟΜΗΝΙΑ ΚΑΙ ΩΡΑ ΤΕΛΕΥΤΑΙΑΣ ΕΝΗΜΕΡΩΣΗΣ
Πεδίο ελέγχου 20250605164104.0
008 - FIXED-LENGTH DATA ELEMENTS--GENERAL INFORMATION
Πεδίο ελέγχου σταθερού μήκους 250528s ||||||||||||||||||||||||d
035 ## - SYSTEM CONTROL NUMBER
System control number 17661
020 ## - ISBN
ISBN 9789606796654
040 ## - ΠΗΓΗ ΚΑΤΑΛΟΓΟΓΡΑΦΗΣΗΣ
Φορέας πρωτότυπης καταλογογράφησης MC Athens Campus Library
Γλώσσα καταλογογράφησης Ελληνικά, Μοντέρνα (1453-)
Modifying agency MC Athens Campus Library
Κανόνες περιγραφικής καταλογογράφησης AACR2
245 1# - ΤΙΤΛΟΣ ΚΑΙ ΔΗΛΩΣΗ ΥΠΕΥΘΥΝΟΤΗΤΑΣ
Τίτλος Διαχείριση και Αξιολόγηση Εκπαιδευτικών Μονάδων / Ο Ρόλος του Διευθυντή - Ηγέτη στη Διαμόρφωση Συνεργατικού Κλίματος: Η Περίπτωση Ενός Ειδικού Σχολείου
250 ## - EDITION STATEMENT
Edition statement
260 ## - PUBLICATION, DISTRIBUTION, ETC.
Name of publisher, distributor, etc. Μέθεξις,
Date of publication, distribution, etc. 2014
300 ## - PHYSICAL DESCRIPTION
Extent 246
520 ## - SUMMARY, ETC.
Summary, etc. Αντικείμενο της ερευνητικής εργασίας που παρουσιάζεται στο συγκεκριμένο βιβλίο αποτελεί η διερεύνηση του ρόλου του διευθυντή στη διαμόρφωση συνεςργατικού κλίματος σε μια σχολική μονάδα και μάλιστα, μια σχολική μονάδα ειδικής αγωγής. Πρόλογος, Εισαγωγή, Εννοιολογικό Πλαίσιο της Μελέτης, Σχολική Μονάδα και Συνεργατικό Κλίμα, Διευθυντής - Ηγέτης και Συνεργατικό Κλίμα, Σχολικές Μονάδες Ειδικής Αγωγής και Εκπαίδευσης, Μεθοδολογία της Έρευνας, Περιγραφικά Αποτελέσματα της Έρευνας, Συζήτηση - Ερμηνεία των Ευρημάτων, Γενικά Συμπεράσματα, Προτάσεις για Περαιτέρω Έρευνα, Εκπαιδευτική Νομοθεσία.
700 1# - ΠΡΟΣΘΕΤΗ ΑΝΑΓΡΑΦΗ--ΦΥΣΙΚΟ ΠΡΟΣΩΠΟ
Personal name Δαδαμόγια Θωμαής
9 (RLIN) 3851
942 ## - ADDED ENTRY ELEMENTS (KOHA)
Koha item type Books
Holdings
Τύπος τεκμηρίου Βιβλιοθήκη Τρέχουσα τοποθεσία Barcode Αριθμός εισαγωγής Ημερομηνία απόκτησης Ταξιθετικό σύμβολο Αριθμός αντιτύπου Κατάσταση απόσυρσης Κατάσταση χαμένου Κατάσταση κατεστραμμένου Μη δανεισμός Σύνολο δανεισμών Ημερομηνία τελευταίας εμφάνισης Η τιμή ισχύει από
Books MC Athens Campus Library MC Athens Campus Library 9780000030627 6006 05/06/2025 370.7 DAD 1           05/06/2025 05/06/2025

MC Athens Campus Library
Πατησίων 94 & Κοδριγκτώνος 13, 104 34
Πελλήνης 8 & Πατησίων 107, 112 51
Τ: +30 210 8899600

MC Thessaloniki Campus Library
Ίωνος Δραγούμη 21, 54625 | Ίωνος Δραγούμη 15, 54625
Τ: +30 2310 287779 – Τ: +30 2314 440300